000 00320nam a2200121Ia 4500
008 240731s9999 xx 000 0 und d
022 _a1747-5767
245 0 _aJournal of Intercultural Communication Research
260 _bRoutledge
856 _uhttps://www.tandfonline.com/loi/rjic20
942 _2ddc
942 _cTFEJ
999 _c77864
_d77864
945 _a1
_bMadushi Gamage
_c1
_dMadushi Gamage